[Event "Wuerttemberg-chT Rapid"]
[Site "Boeblingen"]
[Date "2024.04.13"]
[Round "4.8"]
[White "Birkenmaier, Rainer"]
[Black "Geshnizjani, Ramin Tobias"]
[Result "1-0"]
[WhiteElo "2111"]
[BlackElo "2137"]
[PlyCount "55"]
[EventDate "2024.04.13"]
[EventType "team-tourn"]
[EventRounds "9"]
[EventCountry "GER"]
[SourceTitle "CB17_2024"]
[SourceDate "2024.04.24"]
[SourceVersion "1"]
[SourceVersionDate "2024.04.24"]
[SourceQuality "1"]

1. d4 d5 2. Nf3 Nf6 3. c3 e6 4. Bg5 Be7 5. Nbd2 Nbd7 6. e3 0-0 7. Bd3 c5 8. 0-0 Qc7 9. Qe2 e5 10. dxe5 Nxe5 11. Nxe5 Qxe5 12. Nf3 Qe6 13. h3 Bd7 14. Rfe1 Bc6 15. Rad1 Rad8 16. Qc2 h6 17. Bf5 hxg5 18. Bxe6 fxe6 19. Nxg5 Rd6 20. f4 Ne4 21. Nxe4 dxe4 22. Rxd6 Bxd6 23. Rd1 Bc7 24. g4 g5 25. f5 exf5 26. gxf5 Rxf5 27. Rf1 Rd5 28. Qf2 1-0

[Event "Wuerttemberg-chT Rapid"]
[Site "Boeblingen"]
[Date "2024.04.13"]
[Round "3.20"]
[White "Geshnizjani, Ramin Tobias"]
[Black "Deubel, Silas"]
[Result "1-0"]
[WhiteElo "2137"]
[BlackElo "1851"]
[PlyCount "63"]
[EventDate "2024.04.13"]
[EventType "team-tourn"]
[EventRounds "9"]
[EventCountry "GER"]
[SourceTitle "CB17_2024"]
[SourceDate "2024.04.24"]
[SourceVersion "1"]
[SourceVersionDate "2024.04.24"]
[SourceQuality "1"]

1. e4 c5 2. c3 d5 3. exd5 Qxd5 4. Na3 Nc6 5. Nf3 Bg4 6. Be2 Nf6 7. 0-0 e5 8. d3 Be7 9. Nc4 Rd8 10. Ne3 Qe6 11. Ng5 Bxe2 12. Nxe6 Bxd1 13. Nxd8 Be2 14. Nxc6 bxc6 15. Re1 Bxd3 16. b3 0-0 17. Nc4 e4 18. Ne5 c4 19. bxc4 Bc5 20. Be3 Bd6 21. Nxd3 exd3 22. Rad1 Ng4 23. h3 Ne5 24. c5 Bc7 25. Bd4 f6 26. Bxe5 Bxe5 27. Rxd3 g5 28. g3 Rb8 29. Re4 Rb2 30. Rb4 Rc2 31. Rb7 Rc1+ 32. Kg2 1-0

[Event "Wuerttemberg-chT Rapid"]
[Site "Boeblingen"]
[Date "2024.04.13"]
[Round "6.8"]
[White "Sokratov, Stanislav"]
[Black "Geshnizjani, Ramin Tobias"]
[Result "1/2-1/2"]
[WhiteElo "2146"]
[BlackElo "2137"]
[PlyCount "65"]
[EventDate "2024.04.13"]
[EventType "team-tourn"]
[EventRounds "9"]
[EventCountry "GER"]
[SourceTitle "CB17_2024"]
[SourceDate "2024.04.24"]
[SourceVersion "1"]
[SourceVersionDate "2024.04.24"]
[SourceQuality "1"]

1. d4 d5 2. Nf3 Nf6 3. Bf4 e6 4. e3 Bd6 5. Nbd2 Bxf4 6. exf4 0-0 7. c3 b6 8. h4 c5 9. h5 h6 10. Bd3 Ba6 11. Bxa6 Nxa6 12. Qe2 Nc7 13. 0-0-0 Nce8 14. Rdg1 Qd6 15. Rh4 cxd4 16. Nxd4 Rc8 17. Qe5 Nd7 18. Qxd6 Nxd6 19. g4 e5 20. fxe5 Nxe5 21. Kc2 Rfe8 22. g5 hxg5 23. Rxg5 f6 24. Rg1 Kf7 25. Rh3 Rh8 26. Nf1 Nc6 27. Rg4 Ne5 28. Rg1 Nc6 29. Rg4 Ne5 30. Rf4 g6 31. hxg6+ Nxg6 32. Rff3 Rxh3 33. Rxh3 1/2-1/2

[Event "World-chT Rapid"]
[Site "Dusseldorf"]
[Date "2023.08.28"]
[Round "12"]
[White "Perossa, Nicolas"]
[Black "Geshnizjani, Ramin Tobias"]
[Result "1-0"]
[WhiteElo "2265"]
[BlackElo "2141"]
[PlyCount "49"]
[EventDate "2023.08.26"]
[EventType "team-swiss (rapid)"]
[EventRounds "12"]
[EventCountry "GER"]
[SourceTitle "CBM 215 Extra"]
[Source "ChessBase"]
[SourceDate "2023.09.30"]
[SourceVersion "1"]
[SourceVersionDate "2023.09.30"]
[SourceQuality "1"]
[WhiteTeam "Mitropa Chess Association"]
[BlackTeam "Heilbronn Hustlers"]
[WhiteTeamCountry "GER"]
[BlackTeamCountry "GER"]

1. e4 c5 2. Nf3 e6 3. d4 cxd4 4. Nxd4 a6 5. Nc3 Qc7 6. g4 Bb4 7. Qd3 Nf6 8. f3 d5 9. exd5 Nxd5 10. Bd2 Nxc3 11. bxc3 Bd6 12. Be3 Bd7 13. Rd1 Be7 14. Bg2 Bh4+ 15. Bf2 Bxf2+ 16. Kxf2 Nc6 17. Nb3 0-0-0 18. Qe3 Ne5 19. Rd4 Bb5 20. Rhd1 Rxd4 21. Rxd4 Nc4 22. Qe4 h5 23. a4 e5 24. Rd5 Nd6 25. Qxe5 1-0

[Event "World-chT Rapid"]
[Site "Dusseldorf"]
[Date "2023.08.26"]
[Round "4.7"]
[White "Geshnizjani, Ramin Tobias"]
[Black "Tari, Aryan"]
[Result "0-1"]
[WhiteElo "2141"]
[BlackElo "2629"]
[PlyCount "62"]
[EventDate "2023.08.26"]
[EventType "team-swiss (rapid)"]
[EventRounds "12"]
[EventCountry "GER"]
[SourceTitle "CBM 215 Extra"]
[Source "ChessBase"]
[SourceDate "2023.09.30"]
[SourceVersion "1"]
[SourceVersionDate "2023.09.30"]
[SourceQuality "1"]
[WhiteTeam "Heilbronn Hustlers"]
[BlackTeam "Chessbrah OFM"]
[WhiteTeamCountry "GER"]
[BlackTeamCountry "NOR"]

1. e4 e5 2. Bc4 Nf6 3. d3 Bc5 4. Nc3 c6 5. Nf3 d6 6. a3 a5 7. Ne2 0-0 8. 0-0 h6 9. Ng3 Re8 10. Qe2 d5 11. Bb3 Be6 12. Ba2 Nbd7 13. Be3 Bf8 14. h3 b5 15. Nxe5 Nxe5 16. f4 dxe4 17. fxe5 exd3 18. Qf2 Nd5 19. cxd3 Qc7 20. d4 Nxe3 21. Qxe3 Bxa2 22. Rxa2 c5 23. d5 Qxe5 24. Qf3 Bd6 25. Nf5 Qh2+ 26. Kf2 Ra6 27. Raa1 c4 28. Nxd6 Rxd6 29. Rae1 Rxe1 30. Kxe1 Qe5+ 31. Kf2 Rf6 0-1

[Event "Wuerttemberg-ch MT"]
[Site "Stuttgart"]
[Date "2015.09.06"]
[Round "9"]
[White "Geshnizjani, Ramin Tobias"]
[Black "Latzke, Boris Alexander"]
[Result "1/2-1/2"]
[WhiteElo "2081"]
[BlackElo "2257"]
[PlyCount "79"]
[EventDate "2015.08.29"]
[EventType "swiss"]
[EventRounds "9"]
[EventCountry "GER"]
[SourceTitle "EXT 2017"]
[Source "ChessBase"]
[SourceDate "2016.10.25"]
[SourceVersion "1"]
[SourceVersionDate "2016.10.25"]
[SourceQuality "1"]

1. e4 e5 2. Nf3 Nc6 3. d4 exd4 4. Nxd4 Bb4+ 5. c3 Bc5 6. Nxc6 bxc6 7. Bd3 Qh4 8. Qe2 Nf6 9. h3 0-0 10. g3 Qh5 11. Qxh5 Nxh5 12. g4 Nf6 13. Bg5 Nxe4 14. Bxe4 Re8 15. Nd2 d5 16. Be3 Bxe3 17. fxe3 dxe4 18. Rf1 g6 19. 0-0-0 f5 20. gxf5 Bxf5 21. h4 Rad8 22. Nb3 Rd3 23. Rxd3 exd3 24. Nd4 Be4 25. b4 Rf8 26. Rxf8+ Kxf8 27. Ne6+ Ke7 28. Ng5 Bd5 29. Nxh7 Ke6 30. Kd2 Bxa2 31. Kxd3 Kf5 32. Kd4 Bg8 33. Nf8 Bf7 34. Kc5 Be8 35. e4+ Kxe4 36. Nxg6 Bxg6 37. Kxc6 Kd3 38. Kxc7 Kxc3 39. Kb7 Kxb4 40. Kxa7 1/2-1/2

[Event "Wuerttemberg-ch MT"]
[Site "Stuttgart"]
[Date "2015.09.04"]
[Round "7"]
[White "Geshnizjani, Ramin Tobias"]
[Black "Gheng, Josef"]
[Result "0-1"]
[WhiteElo "2081"]
[BlackElo "2376"]
[PlyCount "94"]
[EventDate "2015.08.29"]
[EventType "swiss"]
[EventRounds "9"]
[EventCountry "GER"]
[SourceTitle "EXT 2017"]
[Source "ChessBase"]
[SourceDate "2016.10.25"]
[SourceVersion "1"]
[SourceVersionDate "2016.10.25"]
[SourceQuality "1"]

1. e4 c5 2. c3 Nf6 3. e5 Nd5 4. d4 cxd4 5. cxd4 d6 6. Nf3 Nc6 7. Bc4 e6 8. 0-0 Be7 9. Qe2 a6 10. Qe4 dxe5 11. dxe5 b5 12. Bb3 Na5 13. Bxd5 exd5 14. Qd3 Be6 15. Rd1 Qc7 16. Be3 0-0 17. Nc3 Nc4 18. Nxd5 Bxd5 19. Qxd5 Rad8 20. Qe4 Nxb2 21. Rdc1 Nc4 22. a4 Qd7 23. axb5 axb5 24. Bd4 Nd2 25. Nxd2 Qxd4 26. Qxd4 Rxd4 27. Nb3 Ra4 28. g3 Rfa8 29. Rab1 h5 30. Nc5 Rc4 31. Nb7 Ba3 32. Rd1 b4 33. Nd6 Rc2 34. Rd4 Ra5 35. Re4 Rac5 36. f4 Rc1+ 37. Rxc1 Rxc1+ 38. Kg2 b3 39. Nc4 Bc5 40. f5 Rxc4 41. Rxc4 b2 42. Rxc5 b1Q 43. f6 Qe4+ 44. Kh3 g5 45. Rc8+ Kh7 46. Re8 Qh1 47. e6 Qf1# 0-1

[Event "Wuerttemberg-ch MT"]
[Site "Stuttgart"]
[Date "2015.09.03"]
[Round "6"]
[White "Schmidt, Tobias"]
[Black "Geshnizjani, Ramin Tobias"]
[Result "1-0"]
[WhiteElo "2121"]
[BlackElo "2081"]
[PlyCount "105"]
[EventDate "2015.08.29"]
[EventType "swiss"]
[EventRounds "9"]
[EventCountry "GER"]
[SourceTitle "EXT 2017"]
[Source "ChessBase"]
[SourceDate "2016.10.25"]
[SourceVersion "1"]
[SourceVersionDate "2016.10.25"]
[SourceQuality "1"]

1. e4 c5 2. Nf3 e6 3. c3 Nf6 4. e5 Nd5 5. Bc4 d6 6. d4 cxd4 7. cxd4 Be7 8. 0-0 Nc6 9. Qe2 0-0 10. Qe4 Qc7 11. Bg5 dxe5 12. Bxe7 Ncxe7 13. dxe5 Bd7 14. Nbd2 Bc6 15. Nd4 Nb6 16. Nxc6 Qxc6 17. Bd3 Qxe4 18. Bxe4 Rfd8 19. Nb3 Nbd5 20. Na5 Rd7 21. g3 Rc8 22. Rac1 Rdc7 23. Rxc7 Rxc7 24. Rd1 b6 25. Nb3 g5 26. f3 a5 27. Rc1 Ng6 28. Rxc7 Nxc7 29. Bxg6 hxg6 30. Kf2 Nd5 31. a3 f6 32. exf6 Kf7 33. Ke2 Kxf6 34. Kd3 Ke5 35. Nd4 Nc7 36. Nb3 Kd5 37. Nd2 e5 38. Nc4 b5 39. Nxa5 g4 40. fxg4 e4+ 41. Ke3 Ne8 42. b3 Nf6 43. h3 Nd7 44. Nb7 Kc6 45. Nd8+ Kd5 46. Nf7 Nc5 47. h4 Nxb3 48. h5 gxh5 49. gxh5 Nd4 50. g4 Nc2+ 51. Kd2 Nxa3 52. h6 Nc4+ 53. Ke2 1-0

[Event "Wuerttemberg-ch MT"]
[Site "Stuttgart"]
[Date "2015.08.29"]
[Round "2"]
[White "Geshnizjani, Ramin Tobias"]
[Black "Hirneise, Jens"]
[Result "0-1"]
[WhiteElo "2081"]
[BlackElo "2254"]
[PlyCount "126"]
[EventDate "2015.08.29"]
[EventType "swiss"]
[EventRounds "9"]
[EventCountry "GER"]
[SourceTitle "EXT 2017"]
[Source "ChessBase"]
[SourceDate "2016.10.25"]
[SourceVersion "1"]
[SourceVersionDate "2016.10.25"]
[SourceQuality "1"]

1. e4 c5 2. c3 Nf6 3. e5 Nd5 4. d4 cxd4 5. cxd4 d6 6. Nf3 Nc6 7. Bc4 Nb6 8. Bb5 Bd7 9. exd6 e6 10. Nc3 Bxd6 11. 0-0 0-0 12. a3 Ne7 13. Bd3 Nf5 14. Ne4 Bc6 15. Qe2 Nd5 16. Bg5 Be7 17. Bd2 Nf6 18. Nxf6+ Bxf6 19. Bc3 Bd5 20. Ne5 Rc8 21. Rad1 Bxe5 22. dxe5 Qg5 23. f4 Qd8 24. Bxf5 exf5 25. Qe3 Qd7 26. Qd4 Rfd8 27. Rf2 Be6 28. Qxd7 Rxd7 29. Rxd7 Bxd7 30. Rd2 Be6 31. Bd4 b6 32. a4 h6 33. a5 bxa5 34. Bxa7 a4 35. h4 Kh7 36. Kh2 Kg6 37. Kh3 Rc1 38. Bb6 Kh5 39. Bd8 Re1 40. Kg3 Re3+ 41. Kf2 Rb3 42. Be7 g6 43. Bf8 Rb8 44. Bg7 Rb4 45. Ke3 Kxh4 46. Bxh6 Kg3 47. Bg5 Ba2 48. Kd3 Bd5 49. Kc3 Rc4+ 50. Kd3 Rc7 51. Ke3 Bxg2 52. Rd4 Ra7 53. Rc4 Be4 54. Kd4 Kf3 55. Kc5 Ke3 56. Kb4 Bd5 57. Rc5 Bb3 58. Kc3 Rb7 59. Rc6 Bd5 60. Rc5 Rb3+ 61. Kc2 Be4+ 62. Kc1 Ke2 63. Rc3 Rb7 0-1

[Event "Wuerttemberg-ch KT"]
[Site "Gruenbach"]
[Date "2014.08.31"]
[Round "2"]
[White "Mayer, Josef1111"]
[Black "Geshnizjani, Ramin Tobias"]
[Result "0-1"]
[WhiteElo "1667"]
[BlackElo "2078"]
[PlyCount "124"]
[EventDate "2014.08.30"]
[EventType "swiss"]
[EventRounds "9"]
[EventCountry "GER"]
[SourceTitle "EXT 2017"]
[Source "ChessBase"]
[SourceDate "2016.10.25"]
[SourceVersion "1"]
[SourceVersionDate "2016.10.25"]
[SourceQuality "1"]

1. d4 Nf6 2. c4 c5 3. d5 e6 4. Nc3 exd5 5. cxd5 d6 6. e4 g6 7. Nf3 Bg7 8. h3 0-0 9. Bd3 Re8 10. 0-0 c4 11. Bxc4 Nxe4 12. Nxe4 Rxe4 13. Qc2 Re8 14. Bg5 Qb6 15. Rae1 Bd7 16. Rxe8+ Bxe8 17. Re1 Nd7 18. b3 Ne5 19. Nxe5 Bxe5 20. Kh1 Qd4 21. Qd2 b5 22. Bf1 Rc8 23. Qxd4 Bxd4 24. f4 f6 25. Bh4 Kf7 26. Re4 Bb6 27. Re6 Rc1 28. Re1 Rc2 29. Re2 Rc1 30. Re1 Rc2 31. Re2 Rc5 32. Re6 Rxd5 33. Rxf6+ Kg7 34. Re6 Rd1 35. Rxe8 Rxf1+ 36. Kh2 Bg1+ 37. Kg3 Bf2+ 38. Kg4 h5+ 39. Kg5 Bxh4+ 40. Kxh4 Rxf4+ 41. Kg3 g5 42. Re7+ Kf6 43. Rxa7 h4+ 44. Kh2 b4 45. a4 bxa3 46. Rxa3 Rb4 47. g4 Ke5 48. Kg2 d5 49. Kf3 Rf4+ 50. Ke2 Re4+ 51. Kd2 Kf4 52. Ra5 d4 53. Rf5+ Kg3 54. b4 Kxh3 55. Rxg5 Kg2 56. b5 h3 57. b6 h2 58. b7 h1Q 59. b8Q Qe1+ 60. Kc2 Qc3+ 61. Kb1 Re1+ 62. Ka2 Ra1# 0-1

[Event "Deizisau op 8th"]
[Site "Deizisau"]
[Date "2013.10.29"]
[Round "6"]
[White "Geshnizjani, Ramin Tobias"]
[Black "Langheinrich, Ferenc"]
[Result "1/2-1/2"]
[WhiteElo "2074"]
[BlackElo "2456"]
[PlyCount "90"]
[EventDate "2013.10.26"]
[EventType "swiss"]
[EventRounds "7"]
[EventCountry "GER"]
[SourceTitle "EXT 2014"]
[Source "ChessBase"]
[SourceDate "2013.11.20"]
[SourceVersion "1"]
[SourceVersionDate "2013.11.20"]
[SourceQuality "1"]

1. e4 d5 2. exd5 Qxd5 3. Nf3 Nf6 4. Be2 c5 5. d4 cxd4 6. Qxd4 Nc6 7. Qxd5 Nxd5 8. 0-0 Ndb4 9. Na3 Bf5 10. c3 Nd3 11. Rd1 0-0-0 12. Nc4 f6 13. Be3 g5 14. Nd4 Nxd4 15. cxd4 Nf4 16. Bxf4 gxf4 17. Rac1 Kb8 18. Bf3 e6 19. Na5 Rd7 20. Rc4 Bd6 21. Rdc1 a6 22. Nb3 Rhd8 23. Nc5 Rc7 24. Ne4 Rxc4 25. Rxc4 Bxe4 26. Bxe4 Be5 27. g3 Bxd4 28. gxf4 f5 29. Bf3 Bb6 30. Rc2 Bc7 31. Re2 Rg8+ 32. Kf1 Rg6 33. Rd2 Rh6 34. Rd7 Rxh2 35. Re7 Rh4 36. Re8+ Ka7 37. Re7 Rxf4 38. Kg2 Rc4 39. Rxe6 Bf4 40. Re7 Rb4 41. b3 h6 42. Rf7 Rb5 43. Bc6 Rb6 44. Bd5 Bg5 45. Rxf5 Rd6 1/2-1/2

[Event "Stuttgart-ch"]
[Site "Stuttgart"]
[Date "2010.05.15"]
[Round "5"]
[White "Geshnizjani, Ramin Tobias"]
[Black "Vuckovic, Aleksandar"]
[Result "1/2-1/2"]
[WhiteElo "2077"]
[BlackElo "2324"]
[PlyCount "137"]
[EventDate "2010.05.13"]
[EventType "swiss"]
[EventRounds "7"]
[EventCountry "GER"]
[SourceTitle "CBM 136 Extra"]
[Source "ChessBase"]
[SourceDate "2010.07.02"]
[SourceVersion "2"]
[SourceVersionDate "2010.07.15"]
[SourceQuality "1"]

1. e4 c5 2. Nf3 Nc6 3. d4 cxd4 4. Nxd4 g6 5. c4 Bg7 6. Be3 Nf6 7. Nc3 0-0 8. Be2 d6 9. 0-0 Bd7 10. Rc1 Nxd4 11. Bxd4 Bc6 12. f3 a5 13. b3 Nd7 14. a3 Bxd4+ 15. Qxd4 Nc5 16. Rb1 Qb8 17. b4 axb4 18. axb4 Na4 19. Nd5 Bxd5 20. cxd5 Rc8 21. Rfc1 Rxc1+ 22. Rxc1 Qd8 23. Ra1 Nb6 24. Rxa8 Nxa8 25. Kf2 Nb6 26. Bb5 Qc7 27. h4 h6 28. Qe3 Kg7 29. Qd4+ Kg8 30. Qe3 Nc4 31. Bxc4 Qxc4 32. Qb6 Qc8 33. Kg3 Kg7 34. Qd4+ f6 35. Qb6 Kf7 36. Qe3 g5 37. hxg5 hxg5 38. f4 gxf4+ 39. Qxf4 Qc3+ 40. Qf3 Qe5+ 41. Qf4 Qc3+ 42. Qf3 Qe1+ 43. Kh3 Ke8 44. Qg4 Kd8 45. Qg8+ Kc7 46. Qe6 Qh1+ 47. Kg3 Qh7 48. Kf3 Kb6 49. Qd7 Qh5+ 50. Ke3 Qe5 51. Qd8+ Kb5 52. Qd7+ Kxb4 53. Qxb7+ Kc4 54. Qc6+ Kb3 55. Qb5+ Kc3 56. Qd3+ Kb4 57. Qd4+ Kb5 58. Qxe5 dxe5 59. Kf3 Kc4 60. Kg4 Kc5 61. Kf5 Kd6 62. g4 Kd7 63. g5 fxg5 64. Kxg5 Kc7 65. Kg6 Kd7 66. Kf7 Kd6 67. Kg7 Kc7 68. Kg6 Kd7 69. Kf5 1/2-1/2

[Event "Stuttgart-chA int"]
[Site "Ditzingen"]
[Date "2010.05.13"]
[Round "2"]
[White "Pietzka, Martin"]
[Black "Geshnizjani, Ramin Tobias"]
[Result "0-1"]
[WhiteElo "1860"]
[BlackElo "2077"]
[PlyCount "82"]
[EventDate "2010.05.13"]
[EventType "swiss"]
[EventRounds "7"]
[EventCountry "GER"]
[SourceTitle "EXT 2018"]
[Source "ChessBase"]
[SourceDate "2017.10.13"]
[SourceVersion "1"]
[SourceVersionDate "2017.10.13"]
[SourceQuality "1"]

1. e4 c5 2. Nf3 Nc6 3. Nc3 g6 4. Bb5 Bg7 5. Bxc6 bxc6 6. 0-0 Nf6 7. h3 0-0 8. d3 d5 9. e5 Nd7 10. Qe2 c4 11. d4 e6 12. Bg5 Qb6 13. Qe3 Qxb2 14. Be7 Re8 15. Rfc1 Rxe7 16. Rab1 Qa3 17. Nxd5 Qxe3 18. Nxe7+ Kf8 19. fxe3 Kxe7 20. Rd1 Nb6 21. e4 Ba6 22. Rb4 Rd8 23. a4 c5 24. Rbb1 Nxa4 25. d5 Nc3 26. d6+ Ke8 27. Ra1 Nxd1 28. Rxa6 Nc3 29. Rxa7 Nxe4 30. Kf1 Bh6 31. g4 Nd2+ 32. Nxd2 Bxd2 33. Re7+ Kf8 34. Rc7 Be3 35. Ke2 Bd4 36. h4 Bxe5 37. Rxc5 Bxd6 38. Rxc4 Ke7 39. g5 h6 40. gxh6 Rh8 41. Ra4 Rxh6 0-1

[Event "GER-chT U20"]
[Site "Chemnitz"]
[Date "2009.12.29"]
[Round "5.1"]
[White "Borgmeyer, Max"]
[Black "Geshnizjani, Ramin Tobias"]
[Result "1-0"]
[WhiteElo "2058"]
[BlackElo "2096"]
[PlyCount "155"]
[EventDate "2009.12.27"]
[EventType "team-swiss"]
[EventRounds "7"]
[EventCountry "GER"]
[SourceTitle "EXT 2022"]
[Source "ChessBase"]
[SourceDate "2021.10.06"]
[SourceVersion "1"]
[SourceVersionDate "2021.10.06"]
[SourceQuality "1"]
[WhiteTeam "Hamburg Koenigsspringer U20"]
[BlackTeam "Heilbronn U20"]
[WhiteTeamCountry "GER"]
[BlackTeamCountry "GER"]

1. e4 c6 2. d4 d5 3. Nc3 dxe4 4. Nxe4 Nd7 5. Qe2 Ndf6 6. c3 Nxe4 7. Qxe4 Nf6 8. Qc2 Bg4 9. Bd3 e6 10. f3 Bh5 11. Ne2 Bg6 12. Bf4 Nd5 13. Bxg6 hxg6 14. Qd2 Nxf4 15. Nxf4 Bd6 16. 0-0-0 Qa5 17. a3 0-0-0 18. h3 e5 19. dxe5 Bxa3 20. Nd3 Be7 21. Kb1 Rd5 22. Qf4 f5 23. exf6 Bxf6 24. Qg4+ Kb8 25. Qxg6 Rg5 26. Qe4 Rxg2 27. f4 Rg3 28. Ne5 Bxe5 29. fxe5 Re8 30. e6 Rg5 31. Rhe1 Qf5 32. Qxf5 Rxf5 33. Rd7 Kc8 34. Rxg7 Rf6 35. Rd1 Rfxe6 36. Rdd7 Re1+ 37. Ka2 R1e5 38. Rc7+ Kb8 39. Rxb7+ Kc8 40. Rxa7 Kb8 41. h4 Rh5 42. Rgb7+ Kc8 43. Rh7 Rxh7 44. Rxh7 Re4 45. Kb3 Re2 46. Ka3 Re3 47. Kb4 Re2 48. b3 Re5 49. h5 Rg5 50. h6 Rh5 51. Kc4 Kd8 52. Kd4 Kc8 53. Ke4 Rh3 54. Kd4 Rh5 55. b4 Rh3 56. c4 Rh5 57. Rh8+ Kc7 58. h7 Kb7 59. c5 Rh4+ 60. Ke5 Rh5+ 61. Kf6 Rh1 62. b5 cxb5 63. c6+ Kxc6 64. Rc8+ Kd5 65. h8Q Rxh8 66. Rxh8 Kc4 67. Ke5 b4 68. Ke4 Kc3 69. Ke3 Kc2 70. Rc8+ Kb2 71. Kd2 b3 72. Ra8 Kb1 73. Kc3 b2 74. Kb3 Kc1 75. Rc8+ Kb1 76. Rh8 Ka1 77. Ra8+ Kb1 78. Ra2 1-0

[Event "GER-chT U20"]
[Site "Arendsee"]
[Date "2008.12.29"]
[Round "6.2"]
[White "Geshnizjani, Ramin Tobias"]
[Black "Bracker, Arne"]
[Result "1/2-1/2"]
[WhiteElo "2041"]
[BlackElo "2162"]
[PlyCount "44"]
[EventDate "2008.12.27"]
[EventType "team-swiss"]
[EventRounds "7"]
[EventCountry "GER"]
[SourceTitle "CBM 128 Extra"]
[Source "ChessBase"]
[SourceDate "2009.03.05"]
[SourceVersion "2"]
[SourceVersionDate "2009.03.25"]
[SourceQuality "1"]
[WhiteTeam "Heilbronn"]
[BlackTeam "Hamburger SK"]
[WhiteTeamCountry "GER"]
[BlackTeamCountry "GER"]

1. e4 e5 2. Nf3 Nc6 3. Bb5 a6 4. Ba4 Nf6 5. Qe2 b5 6. Bb3 Bc5 7. 0-0 d6 8. c3 0-0 9. Rd1 Bg4 10. d3 h6 11. Nbd2 Bb6 12. Nf1 Qe7 13. h3 Be6 14. Ne3 Bxe3 15. Bxe3 Rfe8 16. Bc2 d5 17. exd5 Nxd5 18. d4 Qf6 19. Be4 Rad8 20. dxe5 Nxe5 21. Nxe5 Qxe5 22. Bd4 Qg5 1/2-1/2

[Event "GER-chT U20"]
[Site "Arendsee"]
[Date "2008.12.27"]
[Round "2.2"]
[White "Frey, Alisa"]
[Black "Geshnizjani, Ramin Tobias"]
[Result "1/2-1/2"]
[WhiteElo "2041"]
[BlackElo "2041"]
[PlyCount "111"]
[EventDate "2008.12.27"]
[EventType "team-swiss"]
[EventRounds "7"]
[EventCountry "GER"]
[SourceTitle "CBM 128 Extra"]
[Source "ChessBase"]
[SourceDate "2009.03.05"]
[SourceVersion "2"]
[SourceVersionDate "2009.03.25"]
[SourceQuality "1"]
[WhiteTeam "Walldorf"]
[BlackTeam "Heilbronn"]
[WhiteTeamCountry "GER"]
[BlackTeamCountry "GER"]

1. e4 c6 2. d4 d5 3. Nc3 dxe4 4. Nxe4 Nd7 5. Ng5 Ngf6 6. Bd3 e6 7. N1f3 Bd6 8. Qe2 h6 9. Ne4 Nxe4 10. Qxe4 Nf6 11. Qe2 0-0 12. 0-0 c5 13. c3 b6 14. Ne5 Bb7 15. Be3 Nd5 16. Nc4 Nf4 17. Bxf4 Bxf4 18. Be4 Bxh2+ 19. Kxh2 Qh4+ 20. Kg1 Qxe4 21. Qxe4 Bxe4 22. Rfd1 Rfd8 23. dxc5 bxc5 24. Ne3 Rab8 25. b3 Kf8 26. Kf1 Ke7 27. Ke1 Rxd1+ 28. Kxd1 h5 29. Ke2 h4 30. Rh1 g5 31. f3 Bd5 32. Nxd5+ exd5 33. Rd1 Ke6 34. Ke3 Ke5 35. Re1 f5 36. f4+ Kd6 37. fxg5 Re8+ 38. Kf2 Rg8 39. Rh1 Rxg5 40. Rxh4 Rg7 41. Ra4 Ke5 42. Kf3 f4 43. Rxf4 Rxg2 44. Ra4 Rc2 45. c4 dxc4 46. bxc4 Kd4 47. Rxa7 Kxc4 48. Ke3 Kc3 49. a4 Ra2 50. a5 Kc2 51. a6 c4 52. Kd4 c3 53. Rc7 Ra4+ 54. Rc4 Rxc4+ 55. Kxc4 Kb2 56. a7 1/2-1/2

[Event "GER-chT Lands U20"]
[Site "Dresden"]
[Date "2008.11.17"]
[Round "6.2"]
[White "Daug, Joern Henning"]
[Black "Geshnizjani, Ramin Tobias"]
[Result "0-1"]
[WhiteElo "1821"]
[BlackElo "2002"]
[PlyCount "94"]
[EventDate "2008.11.14"]
[EventType "team-swiss"]
[EventRounds "7"]
[EventCountry "GER"]
[SourceTitle "EXT 2010"]
[Source "ChessBase"]
[SourceDate "2010.11.25"]
[SourceVersion "1"]
[SourceVersionDate "2010.11.25"]
[SourceQuality "1"]
[WhiteTeam "Mecklenburg Vorpommern"]
[BlackTeam "Wuerttemberg II"]
[WhiteTeamCountry "GER"]
[BlackTeamCountry "GER"]

1. d4 Nf6 2. c4 c5 3. d5 b5 4. Nd2 bxc4 5. e4 c3 6. bxc3 d6 7. c4 g6 8. Ngf3 Bg7 9. Rb1 0-0 10. Bd3 e6 11. 0-0 exd5 12. exd5 Nbd7 13. Bb2 Ng4 14. Bxg7 Kxg7 15. Qa4 Nde5 16. Nxe5 Nxe5 17. Bc2 a5 18. f4 Ng4 19. Rbe1 Qf6 20. Nf3 Qc3 21. Qb3 Qxb3 22. axb3 Ba6 23. h3 Nf6 24. Ra1 Nxd5 25. cxd5 Bxf1 26. Kxf1 Rfb8 27. Ke2 Rb4 28. g3 c4 29. bxc4 Rxc4 30. Kd3 Rac8 31. Ba4 Rc3+ 32. Ke2 R8c4 33. Ra2 Re4+ 34. Kf2 Ree3 35. Bd1 Red3 36. Be2 Rxd5 37. Rb2 a4 38. Rb7 h6 39. Ra7 a3 40. g4 Rdc5 41. Nd4 Rc7 42. Ra4 Rb7 43. Nb5 Rc2 44. Nxa3 Ra2 45. Kf1 Rb3 46. Bc4 Rbxa3 47. Rxa3 Rxa3 0-1

[Event "GER-ch U25 op"]
[Site "Willingen"]
[Date "2008.05.13"]
[Round "5"]
[White "Bergner, Philipp"]
[Black "Geshnizjani, Ramin Tobias"]
[Result "0-1"]
[WhiteElo "1749"]
[BlackElo "2039"]
[PlyCount "46"]
[EventDate "2008.05.11"]
[EventType "swiss"]
[EventRounds "9"]
[EventCountry "GER"]
[SourceTitle "CBM 124 Extra"]
[Source "ChessBase"]
[SourceDate "2008.07.03"]
[SourceVersion "1"]
[SourceVersionDate "2008.07.03"]
[SourceQuality "1"]

1. d4 Nf6 2. c4 c5 3. Nf3 g6 4. d5 b5 5. cxb5 a6 6. Qc2 d6 7. e4 Bg7 8. Nc3 0-0 9. Be2 Qa5 10. Nd2 axb5 11. Nb3 Qb6 12. Nxb5 Na6 13. a4 Nb4 14. Qc4 e6 15. Bf4 exd5 16. exd5 Bd7 17. 0-0 Nfxd5 18. Bf3 Rxa4 19. Nxd6 Nxf4 20. Qxf4 Nd3 21. Qd2 Qxb3 22. Bd1 Qb4 23. Qxb4 Rxb4 0-1

[Event "GER-ch U25 op"]
[Site "Willingen"]
[Date "2008.05.12"]
[Round "3"]
[White "Schaefer, Emma"]
[Black "Geshnizjani, Ramin Tobias"]
[Result "0-1"]
[WhiteElo "1348"]
[BlackElo "2039"]
[PlyCount "54"]
[EventDate "2008.05.11"]
[EventType "swiss"]
[EventRounds "9"]
[EventCountry "GER"]
[SourceTitle "CBM 124 Extra"]
[Source "ChessBase"]
[SourceDate "2008.07.03"]
[SourceVersion "1"]
[SourceVersionDate "2008.07.03"]
[SourceQuality "1"]

1. d4 Nf6 2. Nf3 g6 3. c4 c5 4. e3 Bg7 5. Nc3 0-0 6. Bd3 cxd4 7. exd4 d5 8. b3 Nc6 9. Be3 Bg4 10. Be2 e6 11. a3 Ne4 12. Qc2 Bxf3 13. Bxf3 Nxd4 14. Bxd4 Bxd4 15. Bxe4 dxe4 16. 0-0 e3 17. fxe3 Bxe3+ 18. Kh1 Qd2 19. Qxd2 Bxd2 20. Ne4 Rad8 21. Rf3 Rd4 22. Ng3 Rfd8 23. Raf1 f5 24. Ne2 Rd3 25. Rxd3 Rxd3 26. Rf3 Be3 27. g3 Rxb3 0-1